000
00204 a2200097 4500
001
23891
100
_a
Sackhein, G I
245
_a
Physics Calculations
260
_a
_b
Macmillan
_c
090
_c
16170
_d
16170
942
_a
NUST-CAE
_c
M
_c
6859
999
_c
258964
_d
258964